Vnitřní lékařství časopis České internistické společnosti a Slovenskej internistickej spoločnosti

Podrobná bibliografia
Médium: Článok
Jazyk:slovenčina
čeština
ISSN:0042-773X
Predmet:

MARC

LEADER 00000nab a2200000 a 4500
001 vtls000721368
003 SK-MaSNL
005 20260304121320.0
008 250429c1999 xo 0 slo
015 |a SNBRB2000/05-12683 
035 |a CLN000073535 
035 |a urn:nbn:sk:snk-abaho5 
035 |a (urnnbn)urn:nbn:sk:snk:ar-a0a02t 
035 |a (uuid)17a053a2-62db-4f49-bd8c-18908596d6fb 
040 |a SNKBUCL  |b slo  |c SNKBUCL  |e AACR2 
041 0 |a cze 
044 |a xo  |c SK 
080 |a 61:05(437.1/.2+437.6)  |2 1997 
080 |a 05(437.1/.2+437.6):61  |2 1997 
245 0 0 |a Vnitřní lékařství  |b časopis České internistické společnosti a Slovenskej internistickej spoločnosti 
630 0 7 |a Vnitřní lékařství (časopis)  |y 1999  |x prehľady bibliografické  |2 snkbucl  |9 1426100 
655 7 |a články z novín a časopisov  |2 snkbucl  |9 267496 
773 0 |t Vnitřní lékařství  |g Roč. 45, č. 12 (1999), s. 739-746  |x 0042-773X 
850 |a Slovenská národná knižnica 
852 |a Slovenská národná knižnica 
954 |a odborná, vedecká literatúra cudzojazyčná (svetová)  |2 lita 
958 |a article14 
958 |a OND 
958 |a CZ 
958 |a SK 
958 |a MI 
958 |a EUIPO 
999 |c 2884439  |d 2886369